000 00748nam a2200217Ii 4500
003 JO-AjNU
008 230605s9999||||xx |||||||||||||| ||und||
040 _aJO-AjNU
_bara
_erda
_cJO-AjNU
041 _aara
050 1 4 _aBP37.7.U7 1990
100 3 _aخطاب،محمود شيت,
_eauthor
_914563
245 0 0 _aعمر بن الخطاب الفاروق القائد
250 _aط2
264 3 1 _aبيروت:دار مكتبة الحياة ،د.ت
300 _a231ص
336 _atext
_btxt
_2rdacontent
337 _aunmediated
_bn
_2rdamedia
338 _avolume
_bnc
_2rdacarrier
490 0 _aقادة الفتح الاسلامي
650 4 _aالخلفاء الراشدون-الصحابة والتابعون-عمر بن الخطاب
_914564
999 _aA3913
_c7481
_d7481